Southville International School and Colleges
Your cart is empty.
  • Cart
  • Lists
    Public lists Eva Luna New books Lux_list list_1
    Your lists Log in to create your own lists
  • Log in to your account
  • Your cookies
  • Search history
Southville International School and Colleges
  • Advanced search
  • Recent comments
  • Most popular
  • Libraries

Log in to your account

Log in with GOOGLE


If you do not have an external account, but do have a local account, you can still log in:

  1. Home
  2. MARC view: Little house in the big woods /
Normal view MARC view ISBD view

Little house in the big woods / (Record no. 35170)

[ view plain ]
MARC details
000 -LEADER
fixed length control field 01112cam a2200337 a 4500
003 - CONTROL NUMBER IDENTIFIER
control field OSt
005 - DATE AND TIME OF LATEST TRANSACTION
control field 20140310184528.0
008 - FIXED-LENGTH DATA ELEMENTS--GENERAL INFORMATION
fixed length control field 850904s1953 nyua j 000 1 eng
020 ## - INTERNATIONAL STANDARD BOOK NUMBER
International Standard Book Number 0590488171
040 ## - CATALOGING SOURCE
Original cataloging agency DLC
Transcribing agency DLC
Modifying agency DLC
043 ## - GEOGRAPHIC AREA CODE
Geographic area code n-us-wi
050 00 - LIBRARY OF CONGRESS CALL NUMBER
Classification number PZ 7
Item number .W6461Li 1932
100 1# - MAIN ENTRY--PERSONAL NAME
Personal name Wilder, Laura Ingalls
Dates associated with a name 1867-1957.
9 (RLIN) 30410
245 10 - TITLE STATEMENT
Title Little house in the big woods /
Statement of responsibility, etc Laura Ingalls Wilder.
250 ## - EDITION STATEMENT
Edition statement Newly illustrated, uniform ed.
260 ## - PUBLICATION, DISTRIBUTION, ETC. (IMPRINT)
Place of publication, distribution, etc New York :
Name of publisher, distributor, etc Scholastic.,
Date of publication, distribution, etc 1932.
300 ## - PHYSICAL DESCRIPTION
Extent 237 p. :
Other physical details ill. ;
Dimensions 21 cm.
521 ## - TARGET AUDIENCE NOTE
Target audience note
526 ## - STUDY PROGRAM INFORMATION NOTE
Reading level 930
600 10 - SUBJECT ADDED ENTRY--PERSONAL NAME
Personal name Wilder, Laura Ingalls,
Dates associated with a name 1867-1957
Form subdivision Juvenile fiction.
9 (RLIN) 30411
600 11 - SUBJECT ADDED ENTRY--PERSONAL NAME
Personal name Wilder, Laura Ingalls,
Dates associated with a name 1867-1957
General subdivision Fiction.
9 (RLIN) 30412
650 #1 - SUBJECT ADDED ENTRY--TOPICAL TERM
Topical term or geographic name as entry element Frontier and pioneer life
Geographic subdivision Wisconsin
General subdivision Fiction.
9 (RLIN) 30413
650 #1 - SUBJECT ADDED ENTRY--TOPICAL TERM
Topical term or geographic name as entry element Family life
General subdivision Fiction.
9 (RLIN) 30414
651 #1 - SUBJECT ADDED ENTRY--GEOGRAPHIC NAME
Geographic name Wisconsin
General subdivision Fiction.
9 (RLIN) 30415
700 1# - ADDED ENTRY--PERSONAL NAME
Personal name Williams, Garth,
Relator term ill.
9 (RLIN) 30416
906 ## - LOCAL DATA ELEMENT F, LDF (RLIN)
a 7
b cbc
c orignew
d 1
e ocip
f 19
g y-genrareb
942 ## - ADDED ENTRY ELEMENTS (KOHA)
Source of classification or shelving scheme Library of Congress Classification
Koha item type
Holdings
Withdrawn status Lost status Source of classification or shelving scheme Damaged status Home library Current library Shelving location Date acquired Total Checkouts Full call number Barcode Date last seen Copy number Price effective from Koha item type
    Library of Congress Classification   Luxembourg Library Luxembourg Library Scholastic Reading Center Section 10/24/2013   PZ 7 .W6461Li 1932 LEX0341 04/18/2017 1 10/24/2013 Books

Little house in the big woods /

APA

Wilder L. I., Williams G., . (1932). Little house in the big woods. New York: Scholastic.

Chicago

Wilder Laura Ingalls, Williams Garth, . 1932. Little house in the big woods. New York: Scholastic.

Harvard

Wilder L. I., Williams G., . (1932). Little house in the big woods. New York: Scholastic.

MLA

Wilder Laura Ingalls, Williams Garth, . Little house in the big woods. New York: Scholastic. 1932.

  • Place hold
  • Print
  • Cite
  • Add to your cart (remove)
  • Save record
    BIBTEX Dublin Core MARCXML MARC (non-Unicode/MARC-8) MARC (Unicode/UTF-8) MARC (Unicode/UTF-8, Standard) MODS (XML) RIS
  • More searches
    Search for this title in:
    Other Libraries (WorldCat) Other Databases (Google Scholar) Online Stores (Bookfinder.com) Open Library (openlibrary.org)

Exporting to Dublin Core...

SOUTHVILLE LIBRARY

Southville International School and Colleges Library

1281 Tropical Ave. Cor. Luxembourg St., BF Homes International, Las Pinas City

Tel. No. 8256374 / 252358 Loc. 117/146

Powered by Koha